00919nam a2200277 i 4500003000900000005001700009008004100026040004300067082002200110100003000132245008000162250002000242264004800262300002300310336002200333337002400355338003300379490002800412500001800440546002000458650003700478651001000515700003100525830002800556856005700584EG-GICUC20260416111543.0260416s1979 nyu |||fr|||| 001 0 eng d aEG-GiCUCbengcEG-GiCUCdEG-GiCUCerda04221a343.3bKE . I1 akerper, Hazel b.eAuthor.10aIntroduction to the criminal justice / cHazel B. kerper, Jerold H. israel. aSecond edition  1aNew York :bWest publishing company,c1979. a531 pages ;c24 cm 2rda contentatext 2rda mediaaComputer 2rda carrieraOnline Resource 1aCriminal justice series aInclude index aText in English1 aLaw of criminal procedure2qrmak1 2qrmak1 aIsrael, jerold H.eAuthor.0 aCriminal justice series40uhttps://fll.law.cu.edu.eg/fulltext/bks/B10-08912.pdf